00700nam a2200217 a 450000100060000000300080000600500170001400800410003103500190007203500110009104000340010204100080013608200240014410000450016824501280021326000300034130000290037150400510040065000210045165000100047273819BD-RjUL20211209082441.0170612s1963 uk a b 001 0 eng d a(BD-RjUL)74037 a755368 aQUTbengcQUTdABN:1dBD-RjUL aeng04223a591.5bBAS 19631 aBarnett, S. A.q(Samuel Anthony),d1915-12aA study in behaviour :bprinciples of ethology and behavioural physiology, displayed mainly in the rat /cby S. A. Barnett. aLondon :bMethuen,c1963. a288 p. :bill. ;c23 cm. a Includes bibliography( p. 257-278.) and index 0aAnimal behavior. 0aRats.